000 00318nam a22001337a 4500
008 170127b xxu||||| |||| 00| 0 eng d
020 _a9780323011549
041 _aeng
080 _22ND
_a61
100 _a3
101 _aSHM
245 _aCRITICAL THINKING IN MEDICAL-SURGICAL SETTINGS
_cPREUSSER, W
942 _2udc
_cBK
999 _c3841
_d3841